National Anthem of Netherlands - ''Wilhelmus'' - Statistics

General Stats
  • This quiz has been taken 77 times
  • The average score is 29 of 70
Answer Stats
Answer % Correct
van
100%
Wilhelmus
100%
ben
87%
ik,
87%
bloed,
85%
van
85%
Duitsen
74%
Nassouwe
74%
vaderland
72%
den
68%
van
68%
den
66%
getrouwe
66%
Oranje
66%
van
66%
ben
64%
Een
64%
heb
64%
ik
64%
ik,
64%
ik
64%
Koning
64%
Prinse
64%
den
62%
Hispanje
62%
in
62%
dood.
60%
tot
60%
altijd
57%
vrij
57%
blijf
55%
geëerd.
55%
onverveerd,
53%
ende
21%
Mijn
21%
Heer,
19%
mijn
19%
o
19%
schild
19%
betrouwen
17%
bouwen,
17%
de
17%
die
17%
dienaar
17%
Gij,
17%
God
17%
ik
17%
mij
17%
mij
17%
mijn
17%
nimmermeer.
17%
op
17%
U
17%
uw
17%
verdrijven
17%
verlaat
17%
wil
17%
zijt
17%
zo
17%
blijven,
15%
Dat
15%
doch
15%
doorwondt.
15%
hart
15%
ik
15%
mag
15%
stond,
15%
t'aller
15%
tirannie
15%
vroom
15%
No matching quizzes found
Score Distribution
Percent of People with Each Score
Percentile by Number Answered
Your Score History
You have not taken this quiz